Т. 86, вып. 3; Прикладная математика и механика

מידע ביבליוגרפי
Parent link:Прикладная математика и механика: научный журнал/ Российская академия наук (РАН). Т. 86, вып. 3.— , 1937-1988, 1990-
שפה:רוסית
יצא לאור: 2022
גישה מקוונת:https://sciencejournals.ru/view-issue/?j=prmatm&y=2022&v=86&n=3
פורמט: אלקטרוני ספר
KOHA link:https://koha.lib.tpu.ru/cgi-bin/koha/opac-detail.pl?biblionumber=589384

MARC

LEADER 00000nam2a2200000 4500
001 589384
005 20231101131545.0
035 |a (RuTPU)RU\TPU\prd\292100 
035 |a RU\TPU\prd\292099 
090 |a 589384 
100 |a 20230115a19369999k y0rusy50 ca 
101 0 |a rus 
102 |a RU 
181 0 |a i  
182 0 |a b 
200 0 |a Т. 86, вып. 3  |b Электронный ресурс 
203 |a Текст  |c электронный 
210 |d 2022 
461 1 |0 (RuTPU)RU\TPU\prd\1688  |t Прикладная математика и механика  |o научный журнал  |f Российская академия наук (РАН)  |v Т. 86, вып. 3  |d 1937-1988, 1990- 
801 0 |a RU  |b 63413507  |c 20010227  |g PSBO 
801 1 |a RU  |b 63413507  |c 20170403 
801 2 |a RU  |b 63413507  |c 20230115  |g RCR 
856 4 0 |u https://sciencejournals.ru/view-issue/?j=prmatm&y=2022&v=86&n=3 
942 |c BK